Old and modern masters : (Record no. 3130)
[ view plain ]
| 000 -LEADER | |
|---|---|
| fixed length control field | 00704nam a22001937a 4500 |
| 003 - CONTROL NUMBER IDENTIFIER | |
| control field | OSt |
| 005 - DATE AND TIME OF LATEST TRANSACTION | |
| control field | 20160624185207.0 |
| 008 - FIXED-LENGTH DATA ELEMENTS--GENERAL INFORMATION | |
| fixed length control field | 160624b xxu||||| |||| 00| 0 eng d |
| 040 ## - CATALOGING SOURCE | |
| Transcribing agency | LIC |
| 082 ## - DEWEY DECIMAL CLASSIFICATION NUMBER | |
| Edition number | 2005 |
| Classification number | DC 769.029 |
| Item number | Ol12 |
| 110 ## - MAIN ENTRY--CORPORATE NAME | |
| 9 (RLIN) | 10446 |
| Corporate name or jurisdiction name as entry element | Park West Gallery (Southfield, Mich.) |
| 245 ## - TITLE STATEMENT | |
| Title | Old and modern masters : |
| Remainder of title | Durer, Rembrandt, Goya, Renoir, Picasso, Miro, Chagall / |
| Statement of responsibility, etc. | with essays by David R. Smith |
| 260 ## - PUBLICATION, DISTRIBUTION, ETC. (IMPRINT) | |
| Place of publication, distribution, etc. | Southfield, Mich. : |
| Name of publisher, distributor, etc. | Park West Gallery, |
| Date of publication, distribution, etc. | c2005. |
| 300 ## - PHYSICAL DESCRIPTION | |
| Extent | 216 pages: |
| Other physical details | color illustrations; |
| Dimensions | 28 cm. |
| 650 #0 - SUBJECT ADDED ENTRY--TOPICAL TERM | |
| 9 (RLIN) | 10447 |
| Topical term or geographic name as entry element | Park West Gallery (Southfield, Mich.) |
| General subdivision | Catalogs |
| 650 #0 - SUBJECT ADDED ENTRY--TOPICAL TERM | |
| 9 (RLIN) | 10448 |
| Topical term or geographic name as entry element | Prints |
| General subdivision | Catalogs |
| 650 #0 - SUBJECT ADDED ENTRY--TOPICAL TERM | |
| 9 (RLIN) | 10449 |
| Topical term or geographic name as entry element | Prints |
| General subdivision | Technique |
| 942 ## - ADDED ENTRY ELEMENTS (KOHA) | |
| Source of classification or shelving scheme | Dewey Decimal Classification |
| Koha item type | Circulation |
| Withdrawn status | Lost status | Source of classification or shelving scheme | Damaged status | Not for loan | Collection code | Home library | Current library | Date acquired | Source of acquisition | Total Checkouts | Full call number | Barcode | Date last seen | Cost, replacement price | Price effective from | Koha item type |
|---|---|---|---|---|---|---|---|---|---|---|---|---|---|---|---|---|
| Dewey Decimal Classification | Circulation | UM Digos College - LIC | UM Digos College - LIC | 04/22/2013 | Purchased | DC 769.029 Ol12 2005 | 21991 | 05/15/2025 | 0.00 | 06/24/2016 | Circulation |
